000 00600nam a2200193Ia 4500
003 GCL
008 140319s9999 xx 000 0 ara d
040 _aGCL /
_cGCL
082 0 4 _a153
_bك د
100 1 _aكاميليا عبدالفتاح
245 1 0 _aدراسات سيكولوجية فى مستوى الطموح الشخصية /
_cكاميليا عبدالفتاح
260 _a[S.N] :
_bدار نهضة مصر للطبع والنشر ،
_c1990
300 _a167 ص
490 _a
650 0 4 _aعلم النفس
650 0 4 _aالشخصية
650 0 4 _aالذكاء
942 _2ddc
_cBK
999 _c31366
_d31366